=LDR 00000nam 2200000 4500 =001 INLIS000000000025844 =005 20200819104840 =035 ##$$a 0010-061300000025844 =008 200819################g##########0#ind## =041 ##$$a Ind =082 ##$$a 2X5.1 =090 ##$$a 2X5.1, Kha k =100 ##$$a Khan, Maulana wahiduddin =245 1#$$a Kearifan islam : $b Kisah-kisah nabi dan para sahabat yang penuh ilham dan mencerahkan /$c Maulana Wahiduddin Khan =260 ##$$a Jakarta :$b Alvabet,$c 2000 =300 ##$$a 230 hlm. ; $c 15x23 cm. =650 #4$$a Kearifan islam =850 ##$$a NBPNMAT =020 ##$$a 979-9502-00-4 =084 ##$$a 2X5.1 KHA k =990 ##$$a DW00016324 =990 ##$$a 163.703 pro.2001 =990 ##$$a DW00016324 =990 ##$$a 163.703 pro.2001 =990 ##$$a 165.707/Pro-2001 =990 ##$$a 163.703 pro.2001 =990 ##$$a 165.707/Pro-2001 =990 ##$$a 163.703 pro.2001 =990 ##$$a 165.702/Pro-2001 =990 ##$$a 163.703 pro.2001 =990 ##$$a 165.703 pro.2001 =990 ##$$a 165.702/Pro-2001